[Event "AUTO-ADV-2345"]
[Site "http://www.queenalice.com/game.php?id=1010755"]
[Date "2011.11.21"]
[Round "1"]
[White "Netuno"]
[Black "TinyDemons"]
[Result "0-1"]
[WhiteElo "1871"]
[BlackElo "1900"]

1. d4 Nf6 2. c4 d5 3. cxd5 Qxd5 4. Nc3 Qa5 5. e3 a6 6. Bd3 e6 7. a3 Nc6 8. Bd2
Qg5 9. Qf3 e5 10. e4 Qg6 11. Nge2 Bg4 12. Qg3 Nh5 13. Qe3 Bxe2 14. Nxe2 O-O-O
15. Qh3+ Kb8 16. d5 Ne7 17. O-O Ng8 18. Qh4 Be7 19. Qh3 Bg5 20. Bxg5 Qxg5 21.
Ng3 Nxg3 22. Qxg3 Qf6 23. b4 Ne7 24. Qe3 Rd6 25. Rac1 c6 26. dxc6 Nxc6 27. Rfd1
Nd4 28. Rc4 Rhd8 29. Rcc1 Ne6 30. Be2 Nd4 31. Re1 Nxe2+ 32. Qxe2 Rd2 33. Qf1 Ra2
34. Rc3 Rdd2 35. Rf3 Qe6 36. Rd3 Rdc2 37. Rf3 f6 38. h3 h5 39. Ree3 Qc6 40. Re1
Qa4 41. Ra1 Rd2 42. g3 Rxa1 0-1

[Event "AUTO-ADV-2345"]
[Site "http://www.queenalice.com/game.php?id=1010756"]
[Date "2011.11.21"]
[Round "1"]
[White "TinyDemons"]
[Black "NickThorp"]
[Result "1-0"]
[WhiteElo "1896"]
[BlackElo "1748"]

1. e4 e5 2. Nf3 Nc6 3. Bb5 a6 4. Ba4 b5 5. Bb3 Nf6 6. d3 Bb4+ 7. Bd2 Bxd2+ 8.
Qxd2 O-O 9. O-O d6 10. Nc3 Bg4 11. Qe3 Bxf3 12. Qxf3 Nd4 13. Qd1 c5 14. Nd5 Nxb3
15. Nxf6+ Qxf6 16. axb3 a5 17. Qd2 b4 18. f4 Qh6 19. c3 Qe6 20. Qd1 f6 21. c4
exf4 22. Rxf4 Qe5 23. Rf5 Qxb2 24. Rd5 f5 25. exf5 Qf6 26. Qg4 Qxa1+ 27. Kf2
Qb2+ 28. Kg3 Rad8 29. Qf4 Rf6 30. Qe4 Qxb3 31. Qe7 Rff8 32. Qe6+ Kh8 33. Rxd6
Rxd6 34. Qxd6 a4 35. Qxf8# 1-0

[Event "AUTO-ADV-2345"]
[Site "http://www.queenalice.com/game.php?id=1010757"]
[Date "2011.11.21"]
[Round "1"]
[White "NickThorp"]
[Black "TinyDemons"]
[Result "0-1"]
[WhiteElo "1758"]
[BlackElo "1896"]

1. e4 e5 2. Nf3 d6 3. Bb5+ Bd7 4. Bxd7+ Qxd7 5. O-O Nf6 6. Nc3 Nc6 7. d3 g6 8.
Bg5 Bg7 9. d4 exd4 10. Nxd4 O-O 11. Nxc6 Qxc6 12. Qd4 Ng4 13. Qd3 Ne5 14. Qd5
Qb6 15. b3 Kh8 16. Be3 c5 17. Na4 Qc6 18. f4 Qxd5 19. exd5 Nf3+ 20. Rxf3 Bxa1
21. c3 Rae8 22. Bd2 Re2 23. Rf1 Rxd2 24. Rxa1 Rxd5 25. c4 Rd2 26. Nc3 a6 27. Ne4
Rd4 28. Re1 Re8 0-1

[Event "Challenge"]
[Site "http://www.queenalice.com/game.php?id=1011302"]
[Date "2011.11.22"]
[Round "-"]
[White "Kingfish"]
[Black "TinyDemons"]
[Result "1-0"]
[WhiteElo "1713"]
[BlackElo "1916"]

1. e4 e5 2. Nf3 d6 3. Bc4 h6 4. b3 Nf6 5. d3 Bg4 6. Bb2 Be7 7. d4 Nxe4 8. Qe2
Bxf3 9. Qxf3 Ng5 10. Qe3 e4 11. Nc3 f5 12. h4 Nh7 13. Qg3 g5 14. hxg5 Bxg5 15.
Qh3 Qf6 16. Nd5 Qg7 17. Qxf5 Nf8 18. Qc8+ Kf7 19. Nf4+ Ke7 20. Qxc7+ Nbd7 21.
Nd5+ Ke8 22. Qxd6 Rd8 23. Nc7# 1-0

[Event "Challenge"]
[Site "http://www.queenalice.com/game.php?id=1011303"]
[Date "2011.11.22"]
[Round "-"]
[White "TinyDemons"]
[Black "Kingfish"]
[Result "1-0"]
[WhiteElo "1907"]
[BlackElo "1737"]

1. c4 e5 2. Nc3 Nf6 3. Nf3 Nc6 4. e3 h6 5. Bd3 d5 6. cxd5 Nxd5 7. Ne4 f5 8. Ng3
e4 9. Nxe4 fxe4 10. Bxe4 Be6 11. O-O Nce7 12. Ne5 Bf5 13. Bxf5 Nxf5 14. Ng6 Qg5
15. Nxh8 Nh4 16. g3 Nf6 17. Nf7 Kxf7 18. Qb3+ Nd5 19. e4 Rd8 20. f4 Bc5+ 21. Kh1
Qg4 22. gxh4 Qe2 23. Qf3 Qxf3+ 24. Rxf3 Nf6 25. d3 Be7 26. Bd2 Nh5 27. Raf1 g6
28. f5 g5 29. hxg5 hxg5 30. Rh3 Nf4 31. Bxf4 gxf4 32. Rxf4 Rd6 33. e5 Rc6 34.
e6+ Kf6 35. Rc4 Rxc4 36. dxc4 Kxf5 37. Re3 Kf6 38. h4 Kf5 39. h5 1-0

[Event "Challenge"]
[Site "http://www.queenalice.com/game.php?id=1011658"]
[Date "2011.11.23"]
[Round "-"]
[White "Kingfish"]
[Black "TinyDemons"]
[Result "1-0"]
[WhiteElo "1720"]
[BlackElo "1924"]

1. e4 e5 2. Nf3 d6 3. Bb5+ Bd7 4. Bc4 h6 5. O-O Nf6 6. Nc3 Be7 7. d4 exd4 8.
Nxd4 O-O 9. Re1 Bg4 10. Be2 Bxe2 11. Qxe2 Re8 12. Nf5 Bf8 13. Nd5 Nxd5 14. Nxh6+
gxh6 15. Qg4+ Kh8 16. b3 Nf6 17. Qh3 Kh7 18. g4 Nxg4 19. Qxg4 Re6 20. Qf5+ Rg6+
21. Kh1 Qf6 22. Qh5 Qxa1 23. f4 Nd7 24. f5 Rf6 25. Rg1 Qe5 26. Qg4 Qxe4+ 27.
Qxe4 Ne5 28. Qg2 Ng6 29. fxg6+ fxg6 30. Qxb7 Re8 31. Qxc7+ Re7 32. Qc3 Bg7 33.
Qg3 Rfe6 34. h4 h5 35. Rd1 Be5 36. Qe3 Bg7 37. Qg1 Rf7 38. Bg5 Rd7 39. Qf1 Rc7
40. c4 Rc8 41. Qf7 1-0

[Event "Challenge"]
[Site "http://www.queenalice.com/game.php?id=1011659"]
[Date "2011.11.23"]
[Round "-"]
[White "TinyDemons"]
[Black "Kingfish"]
[Result "1-0"]
[WhiteElo "1916"]
[BlackElo "1728"]

1. e4 d6 2. Nf3 Bg4 3. Be2 Bxf3 4. Bxf3 e5 5. O-O Nc6 6. Nc3 Nf6 7. d3 Be7 8.
Be3 Qd7 9. Qe2 h5 10. Bg5 Nd4 11. Qd1 Nxf3+ 12. Qxf3 O-O-O 13. Bxf6 Bxf6 14. Qe3
b6 15. Nd5 h4 16. a4 h3 17. g3 Bh4 18. b4 f5 19. exf5 Qxf5 20. c4 Rde8 21. a5
Bd8 22. axb6 cxb6 23. Rxa7 Kb8 24. Rfa1 g5 25. Ra8+ Kb7 26. R1a7+ 1-0

[Event "Challenge"]
[Site "http://www.queenalice.com/game.php?id=1012037"]
[Date "2011.11.24"]
[Round "-"]
[White "TinyDemons"]
[Black "Kingfish"]
[Result "1-0"]
[WhiteElo "1924"]
[BlackElo "1761"]

1. e4 e5 2. d3 Nc6 3. Nf3 h6 4. Be2 a6 5. O-O Nf6 6. h3 d6 7. Nc3 Be7 8. Be3 d5
9. exd5 Nxd5 10. Nxd5 Qxd5 11. c4 Qd8 12. a3 Bg5 13. Nxg5 hxg5 14. Bg4 f5 15.
Bh5+ Kd7 16. Be2 b6 17. Bf3 Bb7 18. Qa4 g4 19. Bd5 Qh4 20. d4 gxh3 21. g3 Qh5
22. dxe5 b5 23. Qd1 Qxd1 24. Raxd1 Ke8 25. cxb5 axb5 26. e6 Rb8 27. Kh2 Ne5 28.
Bxb7 Rxb7 29. f3 Rh7 30. Bg5 Rb8 31. Rd5 Rh5 32. Bf4 Nc4 33. Rc1 Rb6 34. Rcd1
Rxe6 35. Rd8+ Kf7 36. Bd2 Nxb2 37. Re1 Rd6 38. Rxd6 cxd6 39. Rb1 Nc4 40. Bb4 Rh6
41. Rb3 g5 42. Be1 g4 43. Rxb5 Nxa3 44. Rxf5+ Ke7 45. fxg4 1-0

[Event "Challenge"]
[Site "http://www.queenalice.com/game.php?id=1012038"]
[Date "2011.11.24"]
[Round "-"]
[White "Kingfish"]
[Black "TinyDemons"]
[Result "0-1"]
[WhiteElo "1744"]
[BlackElo "1915"]

1. g3 e5 2. Bg2 Nf6 3. Nc3 g6 4. b3 Bg7 5. Bb2 d6 6. e4 O-O 7. Nge2 Bg4 8. O-O
Nc6 9. Qe1 Re8 10. d3 Nb4 11. Rc1 c6 12. Ba3 a5 13. Bxb4 axb4 14. Na4 b5 15. h3
bxa4 16. hxg4 Nxg4 17. Bh3 Nf6 18. Qxb4 axb3 19. axb3 d5 20. Rfd1 d4 21. c3 Rb8
22. Qa3 Bf8 23. Qb2 Ra8 24. Qd2 c5 25. Ra1 Qb6 26. Qc2 Reb8 27. Rxa8 Rxa8 28.
cxd4 cxd4 29. f4 exf4 30. Nxf4 Bc5 31. e5 Ne4 32. Bg2 Re8 33. Bxe4 Rxe5 34. Ra1
Rxe4 35. dxe4 d3+ 36. Qxc5 Qxc5+ 37. Kh2 Qc2+ 0-1

[Event "Challenge"]
[Site "http://www.queenalice.com/game.php?id=1056610"]
[Date "2012.5.5"]
[Round "-"]
[White "Kingfish"]
[Black "TinyDemons"]
[Result "1-0"]
[WhiteElo "1915"]
[BlackElo "1939"]

1. e4 Nf6 2. Nc3 d5 3. e5 Nfd7 4. e6 fxe6 5. Bd3 Nf6 6. Be2 e5 7. Bh5+ g6 8. Bf3
e4 9. Be2 d4 10. Nb1 Bf5 11. d3 exd3 12. Bxd3 Qd5 13. Nf3 Be4 14. Nbd2 Bxd3 15.
cxd3 Qe6+ 16. Kf1 Qa6 17. Qb3 Nc6 18. Ng5 Ne5 19. Ne6 Qc6 20. Ng5 Qd5 21. Qa4+
Qd7 22. Qb3 O-O-O 23. Ne6 Re8 24. Nc5 Qc6 25. Nce4 Qa6 26. Nc5 Qc6 27. Ne6 Nxd3
28. Nxd4 Nxc1 29. Nxc6 Nxb3 30. Nxa7+ Kb8 31. axb3 Rd8 32. Ke2 c6 33. b4 Bh6 34.
Nf3 Nh5 35. g3 Bg7 36. b5 Bxb2 37. Ra2 c5 38. Nc6+ bxc6 39. Rxb2 cxb5 40. Rxb5+
Kc7 41. Rxc5+ Kd6 42. Rhc1 Ke6 43. Rc6+ Kd5 44. R1c5+ 1-0

[Event "Challenge"]
[Site "http://www.queenalice.com/game.php?id=1056612"]
[Date "2012.5.5"]
[Round "-"]
[White "TinyDemons"]
[Black "Kingfish"]
[Result "1-0"]
[WhiteElo "1922"]
[BlackElo "1932"]

1. d4 d5 2. Nf3 Nc6 3. Bg5 Qd6 4. c3 e5 5. dxe5 Nxe5 6. Nxe5 Qxe5 7. Qd2 Be6 8.
Bf4 Qf6 9. Bxc7 Rc8 10. Bg3 Bc5 11. Qf4 Qg6 12. Qd2 Nf6 13. f3 O-O 14. e3 Bf5
15. Qc1 Rfe8 16. Bf2 d4 17. cxd4 Bxd4 18. Nc3 b5 19. Qd2 Bxc3 20. bxc3 Red8 21.
Qb2 Bd3 22. Bxd3 Rxd3 23. O-O a6 24. Rac1 Nd7 25. Rfd1 Ne5 26. Qe2 Rcd8 27. Bg3
Rxd1+ 28. Rxd1 Rxd1+ 29. Qxd1 Qd3 30. Qxd3 Nxd3 31. Kf1 f6 32. Ke2 Nb2 33. Bd6
Kf7 34. Bb4 Nc4 35. Bc5 Ke6 36. e4 f5 37. Kd3 h5 38. Bf8 Kf7 39. Bc5 Ke6 40. Bd4
g5 41. Be3 f4 42. Bd4 Nb2+ 43. Kc2 Nc4 44. Kd3 Nb2+ 45. Ke2 Nc4 46. Kf2 Ne5 47.
Bxe5 Kxe5 48. g3 h4 49. gxf4+ Kxf4 50. Ke2 h3 51. Kf2 g4 52. fxg4 Kxg4 53. Ke3
Kg5 54. Kf3 Kf6 55. Kf4 Ke6 56. e5 a5 57. a3 1-0

[Event "Challenge"]
[Site "http://www.queenalice.com/game.php?id=1061338"]
[Date "2012.5.19"]
[Round "-"]
[White "Kingfish"]
[Black "TinyDemons"]
[Result "1-0"]
[WhiteElo "2027"]
[BlackElo "1958"]

1. e4 e5 2. Nf3 Nc6 3. Bc4 h6 4. O-O Nf6 5. d3 Bc5 6. a3 d6 7. Nc3 Bg4 8. h3 Bh5
9. Nd5 Nd4 10. b4 Nxf3+ 11. gxf3 c6 12. bxc5 Nxd5 13. exd5 dxc5 14. Re1 Qf6 15.
Re3 O-O 16. Rb1 Rab8 17. Bd2 Qh4 18. Qf1 Qf6 19. Qg2 Qf4 20. Rbe1 Kh8 21. Qg3
Qxg3+ 22. fxg3 f6 23. f4 exf4 24. gxf4 cxd5 25. Bxd5 b6 26. Kh2 Rbd8 27. c4 Bf7
28. Bxf7 Rxf7 29. Re8+ Rxe8 30. Rxe8+ Kh7 31. f5 Rd7 32. Re3 Kg8 33. Kg2 Kf7 34.
Kf2 Rd4 35. Ke2 Rh4 36. a4 Rh5 37. Rf3 Ke7 38. a5 Kd6 39. Ke3 Rg5 40. d4 cxd4+
41. Kxd4 Rg1 42. axb6 axb6 43. Bb4+ Kc6 44. Bf8 Rg2 45. Re3 Rg5 46. Re6+ Kd7 47.
Re7+ Kc6 48. Re6+ Kc7 49. Ke4 Rg3 50. Bd6+ Kd7 51. Bxg3 1-0

[Event "Challenge"]
[Site "http://www.queenalice.com/game.php?id=1061339"]
[Date "2012.5.19"]
[Round "-"]
[White "TinyDemons"]
[Black "Kingfish"]
[Result "1-0"]
[WhiteElo "1938"]
[BlackElo "2047"]

1. d4 d5 2. Nf3 Nc6 3. Bf4 Bf5 4. a3 g6 5. e3 Bg7 6. Bb5 Qd7 7. Be5 Bxe5 8. Nxe5
Qd6 9. Bxc6+ bxc6 10. Nc3 f6 11. Nf3 e5 12. dxe5 fxe5 13. O-O Nf6 14. h3 Rb8 15.
b4 c5 16. b5 Rxb5 17. Nxb5 Qd7 18. Nc3 Bxh3 19. gxh3 Qxh3 20. Nh2 Qe6 21. Rb1
O-O 22. Qe2 e4 23. Rb5 d4 24. Rxc5 dxc3 25. Qc4 1-0

[Event "Challenge"]
[Site "http://www.queenalice.com/game.php?id=1061407"]
[Date "2012.5.19"]
[Round "-"]
[White "JD"]
[Black "TinyDemons"]
[Result "0-1"]
[WhiteElo "1350"]
[BlackElo "1932"]

1. Nf3 Nf6 2. Nc3 d6 3. h3 e5 4. e3 Nc6 5. d4 exd4 6. exd4 Be7 7. Bb5 Bd7 8.
Bxc6 Bxc6 9. Bg5 h6 10. Bxf6 Bxf6 11. g4 Qe7+ 12. Qe2 Bxf3 13. Qxe7+ Bxe7 14.
Rg1 O-O-O 15. Rg3 Bc6 16. d5 Bd7 17. Rf3 Bf6 18. Nb5 Kb8 19. Nc3 Rde8+ 20. Kf1
Re5 21. a4 Rhe8 22. b4 Re4 23. Rb1 Bxc3 24. Rxc3 Rd4 25. a5 Bb5+ 26. Kg2 Ree4
27. Rf3 f6 28. c3 Rd3 29. Rf5 Rxc3 30. f3 Re2+ 31. Kg3 Bd3 32. Rh5 Bxb1 0-1

[Event "Challenge"]
[Site "http://www.queenalice.com/game.php?id=1061408"]
[Date "2012.5.19"]
[Round "-"]
[White "TinyDemons"]
[Black "JD"]
[Result "1-0"]
[WhiteElo "1934"]
[BlackElo "1348"]

1. d4 Nf6 2. Nf3 d5 3. Bg5 Ne4 4. Bf4 h6 5. Nfd2 g5 6. Nxe4 dxe4 7. Bg3 f5 8.
Be5 Rg8 9. e3 g4 10. Bc4 e6 11. a3 a6 12. Nc3 b5 13. Ba2 Bg7 14. Bf4 Nc6 15. O-O
h5 16. Rb1 Qf6 17. Bxc7 h4 18. d5 Ne7 19. dxe6 Bxe6 20. Bxe6 Qxe6 21. Ne2 Rc8
22. Bf4 Qc6 23. c3 h3 24. g3 Ng6 25. Qd6 Nxf4 26. Qxc6+ Rxc6 27. Nxf4 Be5 28.
Ne2 Rg7 29. Rbd1 a5 30. Rd5 1-0

[Event "Challenge"]
[Site "http://www.queenalice.com/game.php?id=1061912"]
[Date "2012.5.20"]
[Round "-"]
[White "enrikov"]
[Black "TinyDemons"]
[Result "1-0"]
[WhiteElo "2012"]
[BlackElo "1912"]

1. c4 Nf6 2. Nc3 g6 3. d4 Bg7 4. Nf3 O-O 5. e4 d6 6. Be2 Be6 7. O-O Bg4 8. Bg5
Nc6 9. d5 Nb8 10. Re1 e6 11. dxe6 Bxe6 12. c5 Nc6 13. cxd6 cxd6 14. Nb5 Qd7 15.
Qxd6 Nxe4 16. Qa3 a6 17. Nc3 Nxc3 18. bxc3 b5 19. Rad1 Qc7 20. Nd4 Nxd4 21. cxd4
Bd5 22. Bf3 Bxf3 23. Qxf3 Rfe8 24. d5 Bc3 25. Re3 Bb4 26. Qf6 Bf8 27. Red3 Qe5
28. Kf1 Qxh2 29. Rh3 Qd6 30. Qf3 Re5 31. Bf4 Rf5 32. Bxd6 Rxf3 33. Rxf3 Bxd6 34.
Rc1 Be5 35. Rd3 Rd8 36. Rc6 Bd6 37. Rxa6 Kf8 38. Rc6 Ke7 39. Re3+ Kf6 40. Ra6 b4
41. Rf3+ Kg7 42. Ra7 Rf8 43. Rd7 Bc5 44. d6 Kg8 45. Rd3 Ra8 46. Rc7 1-0

[Event "OS INCLIVEIS"]
[Site "http://www.queenalice.com/game.php?id=1063047"]
[Date "2012.5.23"]
[Round "-"]
[White "adelio"]
[Black "TinyDemons"]
[Result "0-1"]
[WhiteElo "1695"]
[BlackElo "1952"]

1. d4 Nf6 2. d5 g6 3. c4 Bg7 4. f3 O-O 5. Nc3 e5 6. e4 d6 7. b4 c6 8. a3 a6 9.
Ra2 b5 10. g4 Nxg4 11. fxg4 Qh4+ 12. Rf2 Bxg4 13. Nf3 Bxf3 14. Qxf3 Qe7 15. h4
Bf6 16. Qxf6 Qxf6 17. Rxf6 Rd8 18. Bh6 Nd7 19. Rxd6 cxd5 20. Rg1 d4 21. Nd5 Nf8
22. h5 Rxd6 23. hxg6 hxg6 24. Be2 bxc4 25. Bh5 Kh7 26. Bxg6+ Rxg6 27. Rxg6 Kxg6
28. Bc1 f5 29. Ne7+ Kf6 30. Nxf5 Ra7 31. Bh6 Ne6 32. a4 Ng5 33. Bg7+ Rxg7 34.
Nxg7 Kxg7 35. b5 axb5 36. a5 Ne6 37. a6 Nc7 38. a7 Kg6 39. Kf2 b4 40. Ke2 Kg5
41. Kd2 Kf4 42. Kc2 Kxe4 43. Kc1 d3 44. Kb2 d2 45. Kc2 c3 46. Kd1 b3 47. Ke2 b2
48. Kf2 b1=Q 49. a8=Q+ Nxa8 50. Kg3 d1=Q 51. Kh4 Qh1+ 52. Kg5 Qf3 53. Kg6 Qg1+
54. Kh7 Qh3# 0-1

[Event "Challenge"]
[Site "http://www.queenalice.com/game.php?id=1064419"]
[Date "2012.5.26"]
[Round "-"]
[White "TinyDemons"]
[Black "Kingfish"]
[Result "1-0"]
[WhiteElo "1932"]
[BlackElo "2026"]

1. Nf3 Nc6 2. d4 e6 3. e4 d5 4. e5 Be7 5. Bb5 Bd7 6. Nc3 a6 7. Bxc6 Bxc6 8. a3
f6 9. Bf4 f5 10. Qd2 h6 11. Qe2 Qd7 12. O-O g5 13. Bd2 g4 14. Ne1 O-O-O 15. f3
h5 16. f4 g3 17. h3 Rh7 18. Nd3 Qe8 19. b4 Qg6 20. a4 Bd7 21. a5 Nh6 22. Be1 Rg8
23. Rf3 h4 24. Na4 Bb5 25. Qd1 Bxd3 26. Rxd3 Nf7 27. Rb3 Nh6 28. b5 axb5 29.
Rxb5 Bg5 30. Rab1 c6 31. Rc5 Rc7 32. Qe2 Qf7 33. a6 bxa6 34. Qxa6+ Kd7 35. Ba5
Rgc8 36. Nb6+ 1-0

[Event "Challenge"]
[Site "http://www.queenalice.com/game.php?id=1064421"]
[Date "2012.5.26"]
[Round "-"]
[White "Kingfish"]
[Black "TinyDemons"]
[Result "1-0"]
[WhiteElo "2013"]
[BlackElo "1945"]

1. e4 e5 2. Nf3 d6 3. Nc3 Bg4 4. Be2 a6 5. h3 Bh5 6. d4 exd4 7. Nxd4 Bg6 8. O-O
Nf6 9. Bf3 Be7 10. Bg5 c5 11. Nf5 Ra7 12. Nxg7+ Kf8 13. Bh6 Kg8 14. Qd2 Ne8 15.
Nxe8 Qxe8 16. Nd5 Nd7 17. Qc3 Bf8 18. Nf6+ Nxf6 19. Bxf8 Qxf8 20. Qxf6 h5 21.
Rad1 Qg7 22. Rxd6 Qxf6 23. Rxf6 b5 24. Rd1 Kg7 25. Rfd6 Re7 26. Rxa6 Bxe4 27.
Bxe4 Rxe4 28. Rd5 Re1+ 29. Kh2 Re2 30. Rg5+ 1-0

[Event "Challenge"]
[Site "http://www.queenalice.com/game.php?id=1066806"]
[Date "2012.6.1"]
[Round "-"]
[White "Kingfish"]
[Black "TinyDemons"]
[Result "1-0"]
[WhiteElo "2016"]
[BlackElo "1958"]

1. e4 e5 2. Nf3 d6 3. Bc4 Bg4 4. Nc3 Nf6 5. h3 Bh5 6. d3 a6 7. Be3 Nc6 8. g4 Bg6
9. g5 Nh5 10. Nh4 Ne7 11. Nxg6 hxg6 12. Qf3 f5 13. gxf6 Nxf6 14. Bg5 Qd7 15.
Bxf6 gxf6 16. Qxf6 Rh6 17. Qf7+ Kd8 18. Qxf8+ 1-0

[Event "Challenge"]
[Site "http://www.queenalice.com/game.php?id=1066808"]
[Date "2012.6.1"]
[Round "-"]
[White "TinyDemons"]
[Black "Kingfish"]
[Result "0-1"]
[WhiteElo "1944"]
[BlackElo "2052"]

1. e4 e5 2. Nf3 d6 3. h3 Nf6 4. Nc3 b6 5. Bc4 h6 6. d3 Bb7 7. O-O Be7 8. Bb5+ c6
9. Bc4 d5 10. exd5 cxd5 11. Bb3 Bd6 12. Re1 Nbd7 13. Bf4 O-O 14. Bxe5 Bxe5 15.
Nxe5 Nxe5 16. Rxe5 Qd6 17. Re1 Qf4 18. Ne2 Qc7 19. Nd4 Rfe8 20. Qd2 Re7 21. Re3
Rae8 22. Rae1 Bc8 23. Ba4 Rxe3 24. Rxe3 Rxe3 25. Qxe3 Bd7 26. Qe7 Qc8 27. Qe3
Bxa4 28. b3 Bd7 29. g4 b5 30. f3 Kf8 31. Qf4 Qa6 32. Qb8+ Be8 33. h4 Qxa2 34.
Qd6+ Kg8 35. Nf5 Qb1+ 0-1

[Event "Challenge"]
[Site "http://www.queenalice.com/game.php?id=1067211"]
[Date "2012.6.2"]
[Round "-"]
[White "TinyDemons"]
[Black "koutouzov"]
[Result "0-1"]
[WhiteElo "1923"]
[BlackElo "2054"]

1. e4 e5 2. Nf3 Nc6 3. Bb5 d6 4. d4 exd4 5. Nxd4 Bd7 6. Nxc6 Bxc6 7. Bxc6+ bxc6
8. O-O Be7 9. Bf4 Rb8 10. Qc1 Bf6 11. c3 Ne7 12. Rd1 O-O 13. e5 Bxe5 14. Bxe5
Rb5 15. Bg3 Qb8 16. b4 Qb6 17. Na3 Rf5 18. Nc4 Qa6 19. Ne3 Rf6 20. Bh4 Re6 21.
Bxe7 Rxe7 22. Re1 Rfe8 23. Qd2 Qb5 24. Re2 Re4 25. h3 f5 26. f3 Rxe3 27. Rxe3
Qb6 28. Qd4 Rxe3 29. Qxb6 cxb6 0-1

[Event "Angels and demons- Vol 5"]
[Site "http://www.queenalice.com/game.php?id=1088420"]
[Date "2012.7.29"]
[Round "-"]
[White "positionalgenius"]
[Black "TinyDemons"]
[Result "1-0"]
[WhiteElo "2002"]
[BlackElo "1936"]

1. d4 Nf6 2. c4 e6 3. Nc3 Bb4 4. Qc2 Nc6 5. Nf3 h6 6. e4 d6 7. a3 Bxc3+ 8. bxc3
Ne7 9. Be2 O-O 10. O-O b6 11. Be3 Ng4 12. h3 Nxe3 13. fxe3 Ng6 14. Rab1 Bb7 15.
c5 dxc5 16. dxc5 Qe7 17. cxb6 axb6 18. a4 Qc5 19. Kf2 Nf4 20. Rb5 Nxh3+ 21. gxh3
Qe7 22. c4 Bc6 23. Rc1 Bxb5 24. cxb5 Ra7 25. Nd4 1-0